000 00586nam a2200229Ia 4500
003 OSt
005 20220928101718.0
006 a|||||r|||| 00| 0
007 ta
008 220927b |||||||| |||| 00| 0 eng d
024 _a61431
037 _cTextual
040 _aSDCL
_cSDCL
_beng
041 _2eng
_aeng
082 _aO152,1N175, M1
100 _aTrilochan
_9394114
245 0 _aUs janpad ka kavi hu.
260 _aNew Delhi
_bRadha Krishan
_c1981
300 _a115p
_ccm.
942 _hO152,1N175, M1
_cTEXL
_2CC
999 _c709669
_d709669